| 000 | 00544nam a2200133Ia 4500 | ||
|---|---|---|---|
| 008 | 160809s9999 xx 000 0 und d | ||
| 100 | _aMeshkat, Maryam. | ||
| 245 | _aChild Directed Speech in SpongeBob SquarePants in its Original English Language and in its Persian-Dubbed Version | ||
| 245 | _cMaryam Meshkat and Mehdi Karami. | ||
| 260 | _bInternational Journal of Early Childhood Special Education | ||
| 260 | _cJune 2016 | ||
| 650 | _xSPECIAL EDUCATION | ||
| 856 | _uhttp://www.int-jecse.net/assets/upload/pdf/20160712082324_intjecse.pdf | ||
| 999 |
_c300229 _d300229 |
||